A Software Based Approach to Bandwidth Aggregation. (Record no. 66785)

MARC details
000 -LEADER
fixed length control field 00487nam a22001697a 4500
082 ## - DEWEY DECIMAL CLASSIFICATION NUMBER
Classification number R/2CS17
100 ## - MAIN ENTRY--AUTHOR NAME
Personal name Abid Hussain
100 ## - MAIN ENTRY--AUTHOR NAME
Personal name Roll No. 17CS07
100 ## - MAIN ENTRY--AUTHOR NAME
Personal name Supervisor - Dr. Imtiaz Ali Halepoto
245 ## - TITLE STATEMENT
Title A Software Based Approach to Bandwidth Aggregation.
260 ## - PUBLICATION, DISTRIBUTION, ETC. (IMPRINT)
Place of publication Nawabshah
Name of publisher QUEST
Year of publication 2020
300 ## - PHYSICAL DESCRIPTION
Number of Pages 28p
700 ## - ADDED ENTRY--PERSONAL NAME
Personal name Sajan Lakho (Roll No. 17CS49)
700 ## - ADDED ENTRY--PERSONAL NAME
Personal name Ghulam Hussain (Roll No. 17CS13)
700 ## - ADDED ENTRY--PERSONAL NAME
Personal name Salman Haider (Roll No. 17CS11)
942 ## - ADDED ENTRY ELEMENTS (KOHA)
Koha item type Thesis and Dissertation
Holdings
Withdrawn status Lost status Home library Current library Date acquired Full call number Accession Number Koha item type
    Research Section Research Section 07/01/2021 R/2CS17 17CS-T187 Thesis and Dissertation